Loading...
| Mythology | 0 | 4 | 0 | 0 | 40 | 69 | 76.00 | 1 | 3 | 13.15 | 26.00 |
| Science - Chemistry | 0 | 3 | 0 | 0 | 30 | 79 | 89.67 | 1 | 2 | 2.73 | 14.00 |
| Literature - American | 0 | 3 | 0 | 0 | 30 | 63 | 93.67 | 0 | 2 | 5.55 | 8.00 |
| Philosophy | 0 | 3 | 0 | 0 | 30 | 81 | 88.67 | 1 | 3 | 6.93 | 28.57 |
| History - Other | 0 | 3 | 1 | 1 | 25 | 39 | 85.33 | 1 | 2 | 6.39 | 14.00 |
| Science - Physics | 0 | 3 | 2 | 1 | 20 | 36 | 69.33 | 0 | 2 | 10.70 | 12.00 |
| Fine Arts - Other | 0 | 2 | 0 | 1 | 20 | 88 | 103.00 | 0 | 1 | 3.07 | 8.00 |
| Science - Other | 0 | 2 | 1 | 0 | 15 | 43 | 69.00 | 0 | 1 | 6.39 | 8.00 |
| History - World | 0 | 1 | 0 | 0 | 10 | 48 | 48.00 | 1 | 1 | 5.43 | 10.00 |
| Fine Arts - Painting and Sculpture | 0 | 1 | 0 | 0 | 10 | 108 | 108.00 | 0 | 0 | 0.77 | 2.00 |
| History - American | 0 | 1 | 0 | 0 | 10 | 54 | 54.00 | 0 | 1 | 4.81 | 6.00 |
| Geography | 0 | 1 | 0 | 0 | 10 | 84 | 84.00 | 1 | 1 | 3.37 | 16.00 |
| Religion | 0 | 1 | 0 | 0 | 10 | 67 | 67.00 | 0 | 0 | 4.46 | 2.00 |
| Science - Biology | 0 | 1 | 0 | 0 | 10 | 102 | 102.00 | 0 | 0 | 0.56 | 2.00 |
| Social Science | 0 | 1 | 0 | 0 | 10 | 88 | 88.00 | 0 | 0 | 2.75 | 5.71 |
| Literature - British | 0 | 1 | 1 | 0 | 5 | 47 | 47.00 | 0 | 1 | 5.88 | 8.00 |
| History - European | 0 | 1 | 1 | 0 | 5 | 39 | 39.00 | 0 | 1 | 6.36 | 6.00 |
| Fine Arts - Classical Music | 0 | 1 | 1 | 1 | 5 | 110 | 110.00 | 0 | 1 | 0.00 | 4.00 |